Shaping tomorrow : (Record no. 51791)

MARC details
000 -LEADER
fixed length control field 00632nam a2200205Ia 4500
005 - DATE AND TIME OF LATEST TRANSACTION
control field 20260429112007.0
008 - FIXED-LENGTH DATA ELEMENTS--GENERAL INFORMATION
fixed length control field 260429s9999||||xx |||||||||||||| ||und||
020 ## - INTERNATIONAL STANDARD BOOK NUMBER
International Standard Book Number 9783031841231
041 ## - LANGUAGE CODE
Language English
082 ## - DEWEY DECIMAL CLASSIFICATION NUMBER
Classification number 686.233
Item number UKO
100 ## - MAIN ENTRY--PERSONAL NAME
Personal name Ukoba, Kingsley
245 #0 - TITLE STATEMENT
Title Shaping tomorrow :
Remainder of title thin films and 3d printing in the fourth industrial revolution 1 fundamentals /
Statement of responsibility, etc Kingsley Ukoba
260 ## - PUBLICATION, DISTRIBUTION, ETC. (IMPRINT)
Place of publication, distribution, etc Switzerland :
Name of publisher, distributor, etc Springer,
Date of publication, distribution, etc 2025.
300 ## - PHYSICAL DESCRIPTION
Extent ix, 356 p.; hb
440 ## - SERIES STATEMENT/ADDED ENTRY--TITLE
Title Synthesis lectures on mechanical engineering
650 ## - SUBJECT ADDED ENTRY--TOPICAL TERM
Topical term or geographic name as entry element 3D printing
650 ## - SUBJECT ADDED ENTRY--TOPICAL TERM
Topical term or geographic name as entry element Printing
700 ## - ADDED ENTRY--PERSONAL NAME
Personal name Jen, Tien-chen
942 ## - ADDED ENTRY ELEMENTS (KOHA)
Koha item type Text Books
Holdings
Withdrawn status Lost status Damaged status Not for loan Collection code Home library Location Shelving location Date of Cataloging Source of acquisition Total Checkouts Full call number Barcode Date last seen Price effective from Koha item type
        Non-fiction CUTN Central Library CUTN Central Library Medicine, Technology & Management 29/04/2026 Apollo Book Distributors, Bengaluru - Invoice No. 2025-2026/208 on 16-02-2026   686.233 UKO 56830 29/04/2026 29/04/2026 Text Books